| 000 | 01574nam a22001937a 4500 | ||
|---|---|---|---|
| 005 | 20251222130032.0 | ||
| 020 | _a978-9356291034 | ||
| 082 | _a823 AMI | ||
| 100 |
_aAmish _9300 |
||
| 245 | _aLegend of Suheldev | ||
| 250 | _a1 | ||
| 260 |
_aHarper Collins _bHaryana _c2022 |
||
| 300 | _aPaperback : 325 pages | ||
| 500 | _aItem Weight : 294 g Dimensions : 13.34 x 1.91 x 20.32 cm | ||
| 520 | _aA Forgotten Hero. An Unforgettable Battle. India, 1025 AD. Repeated attacks by Mahmud of Ghazni and his barbaric Turkic hordes have weakened India's northern regions. The invaders lay waste to vast swathes of the subcontinent-plundering, killing, raping, pillaging. Many of the old Indian kingdoms, tired and divided, fall to them. Those who do fight, battle with old codes of chivalry, and are unable to stop the savage Turkic army which repeatedly breaks all rules to win. Then the Turks raid and destroy one of the holiest temples in the land: the magnificent Lord Shiva temple at Somnath. At this most desperate of times, a warrior rises to defend the nation. King Suheldev. The ruler of a small kingdom, he sees what must be done for his motherland, and is willing to sacrifice his all for it. A fierce rebel. A charismatic leader. An inclusive patriot. Read this blockbuster epic adventure of courage and heroism, a fictional tale based on true events, that recounts the story of that lionhearted warrior and the magnificent Battle of Bahraich. | ||
| 546 | _aLanguage : English | ||
| 650 |
_aGEN _92 |
||
| 942 | _cBK | ||
| 999 |
_c38130 _d38130 |
||